[Event "ST-2021-0-00183"]
[Site "LSS email"]
[Date "2021.02.27"]
[Round "?"]
[White "Mueller Alves, Martin"]
[Black "Marth, Stefan"]
[Result "1-0"]
[WhiteElo "2391"]
[BlackElo "2377"]
[PlyCount "95"]
[EventDate "2021.02.07"]
[EventType "tourn (corr)"]
[EventRounds "6"]
[EventCountry "GER"]
[SourceTitle "Corr 2024"]
[Source "ChessBase"]
[SourceDate "2023.10.19"]
[SourceVersion "1"]
[SourceVersionDate "2023.10.19"]
[SourceQuality "1"]

1. e4 e5 2. Nf3 Nc6 3. Bb5 a6 4. Ba4 Nf6 5. 0-0 Be7 6. Re1 b5 7. Bb3 d6 8. c3 0-0 9. h3 Na5 10. Bc2 c5 11. d4 exd4 12. cxd4 cxd4 13. Nxd4 Re8 14. b4 Nc4 15. Nc6 Qc7 16. Nxe7+ Qxe7 17. Nd2 d5 18. Nxc4 dxc4 19. e5 Qe6 20. Bb2 Nd5 21. Qh5 g6 22. Qh6 c3 23. Bc1 Qe7 24. Bg5 Qf8 25. Qh4 Be6 26. Rad1 Nxb4 27. Bh6 Qe7 28. Bg5 Qf8 29. Be4 Rac8 30. a3 c2 31. Rd4 Nc6 32. Bxc6 Rxc6 33. Bh6 c1Q 34. Rxc1 Rxc1+ 35. Kh2 Rc4 36. Bxf8 Rxf8 37. Qe4 Rfc8 38. g4 h6 39. Qd3 Rxd4 40. Qxd4 Rc4 41. Qd6 g5 42. Qxa6 b4 43. axb4 Rxb4 44. Qa5 Rb8 45. Qd2 Kh7 46. h4 Rg8 47. f3 Kh8 48. Qd4 1-0

[Event "ST-2021-0-00183"]
[Site "LSS email"]
[Date "2021.02.27"]
[Round "?"]
[White "Willmann, Bernd"]
[Black "Marth, Stefan"]
[Result "1/2-1/2"]
[WhiteElo "2358"]
[BlackElo "2377"]
[PlyCount "45"]
[EventDate "2021.02.07"]
[EventType "tourn (corr)"]
[EventRounds "6"]
[EventCountry "GER"]
[SourceTitle "Corr 2024"]
[Source "ChessBase"]
[SourceDate "2023.10.19"]
[SourceVersion "1"]
[SourceVersionDate "2023.10.19"]
[SourceQuality "1"]

1. e4 c5 2. Nf3 d6 3. d4 cxd4 4. Nxd4 Nf6 5. Nc3 a6 6. h3 e5 7. Nde2 h5 8. g3 Nbd7 9. a4 b6 10. Nd5 Nxd5 11. Qxd5 Rb8 12. Qd1 h4 13. Rg1 Bb7 14. Nc3 Nc5 15. Be3 Nxe4 16. Nxe4 Bxe4 17. Bxa6 Bc6 18. Qe2 Qd7 19. f4 hxg3 20. Rxg3 Rxh3 21. Rxh3 Qxh3 22. 0-0-0 Qf3 23. Qd2 1/2-1/2

[Event "WC-2017-S-00002"]
[Site "LSS email"]
[Date "2017.06.07"]
[Round "?"]
[White "Roberts, Anthony"]
[Black "Marth, Stefan"]
[Result "1-0"]
[WhiteElo "2344"]
[BlackElo "2376"]
[PlyCount "33"]
[EventDate "2017.06.15"]
[EventType "tourn (corr)"]
[EventRounds "12"]
[EventCountry "GER"]
[SourceTitle "Corr 2022"]
[Source "ChessBase"]
[SourceDate "2021.10.24"]
[SourceVersion "1"]
[SourceVersionDate "2021.10.24"]
[SourceQuality "1"]

1. e4 c5 2. Nf3 d6 3. d4 cxd4 4. Nxd4 Nf6 5. Nc3 a6 6. Bg5 e6 7. f4 Qb6 8. Qd2 Qxb2 9. Rb1 Qa3 10. e5 dxe5 11. fxe5 Nfd7 12. Ne4 h6 13. Bh4 Qxa2 14. Rd1 Qd5 15. Qe3 Nxe5 16. Nb3 Ng4 17. Rxd5 1-0

[Event "WC-2015-Q-00002"]
[Site "LSS email"]
[Date "2015.09.08"]
[Round "?"]
[White "Morcin, Tom"]
[Black "Marth, Stefan"]
[Result "1/2-1/2"]
[WhiteElo "2203"]
[BlackElo "2384"]
[PlyCount "61"]
[EventDate "2015.09.15"]
[EventType "tourn (corr)"]
[EventRounds "12"]
[EventCountry "GER"]
[SourceTitle "Corr 2022"]
[Source "ChessBase"]
[SourceDate "2021.10.24"]
[SourceVersion "1"]
[SourceVersionDate "2021.10.24"]
[SourceQuality "1"]

1. e4 c5 2. Nf3 d6 3. d4 cxd4 4. Nxd4 Nf6 5. Nc3 a6 6. Be3 e5 7. Nb3 Be6 8. f3 Be7 9. Qd2 0-0 10. 0-0-0 Nbd7 11. g4 b5 12. g5 b4 13. Ne2 Ne8 14. f4 a5 15. f5 a4 16. Nbd4 exd4 17. Nxd4 b3 18. Kb1 bxc2+ 19. Nxc2 Bb3 20. axb3 axb3 21. Na3 Ne5 22. h4 Ra4 23. Bd4 Nf3 24. Qc3 Nxd4 25. Rxd4 Rxd4 26. Qxd4 d5 27. Qxd5 Qb6 28. Bd3 Nc7 29. Qc4 Rd8 30. Nb5 Qxb5 31. Qxb5 1/2-1/2

[Event "WC-2015-Q-00002"]
[Site "LSS email"]
[Date "2015.09.08"]
[Round "?"]
[White "Sanner, Zdzislaw"]
[Black "Marth, Stefan"]
[Result "1/2-1/2"]
[WhiteElo "2321"]
[BlackElo "2384"]
[PlyCount "84"]
[EventDate "2015.09.15"]
[EventType "tourn (corr)"]
[EventRounds "12"]
[EventCountry "GER"]
[SourceTitle "Corr 2022"]
[Source "ChessBase"]
[SourceDate "2021.10.24"]
[SourceVersion "1"]
[SourceVersionDate "2021.10.24"]
[SourceQuality "1"]

1. d4 Nf6 2. c4 e6 3. Nf3 b6 4. g3 Ba6 5. b3 Bb4+ 6. Bd2 Be7 7. Bg2 c6 8. Bc3 d5 9. Ne5 Ne4 10. 0-0 Nxc3 11. Nxc3 0-0 12. Rc1 Bb7 13. e4 dxc4 14. Nxc4 b5 15. Ne3 Nd7 16. e5 Qb6 17. Qe2 Rfd8 18. Rfd1 Nf8 19. Nc2 Nd7 20. a3 a5 21. b4 axb4 22. axb4 Qc7 23. Ne3 Qb8 24. Qb2 Nb6 25. Ne4 h6 26. Nc5 Na4 27. Qb1 Nxc5 28. bxc5 Qc7 29. h4 Ra4 30. Nc2 g6 31. Qb3 Kg7 32. Ra1 Rxa1 33. Rxa1 Ra8 34. Rxa8 Bxa8 35. Na3 Qa5 36. Nc2 Bb7 37. Be4 Bd8 38. Nb4 Qa1+ 39. Qb1 Qxb1+ 40. Bxb1 Ba5 41. Na2 g5 42. hxg5 hxg5 1/2-1/2

[Event "SM-2015-0-00325"]
[Site "LSS email"]
[Date "2015.05.14"]
[Round "?"]
[White "Van Hooff, Ruud"]
[Black "Marth, Stefan"]
[Result "1-0"]
[WhiteElo "2272"]
[BlackElo "2367"]
[PlyCount "93"]
[EventDate "2015.03.02"]
[EventType "tourn (corr)"]
[EventRounds "6"]
[EventCountry "GER"]
[SourceTitle "Corr 2022"]
[Source "ChessBase"]
[SourceDate "2021.10.24"]
[SourceVersion "1"]
[SourceVersionDate "2021.10.24"]
[SourceQuality "1"]

1. d4 Nf6 2. c4 e6 3. Nc3 Bb4 4. f3 d5 5. a3 Bxc3+ 6. bxc3 c5 7. cxd5 Nxd5 8. dxc5 Qa5 9. e4 Ne7 10. Be3 0-0 11. Qb3 Qc7 12. Bb5 Nec6 13. Ne2 Na5 14. Qb4 e5 15. 0-0 Na6 16. Bxa6 bxa6 17. Rad1 Rb8 18. Qa4 Be6 19. Rd5 Bxd5 20. exd5 Rb5 21. d6 Qc6 22. Ng3 Rxc5 23. Qg4 Rc4 24. Nf5 Rxg4 25. Ne7+ Kh8 26. Nxc6 Nxc6 27. fxg4 Kg8 28. g5 Rd8 29. Rd1 f6 30. c4 f5 31. d7 Nd4 32. Bxd4 Rxd7 33. Kf2 exd4 34. Ke2 Kf7 35. Kd3 Ke6 36. Re1+ Kd6 37. Kxd4 g6 38. h4 Kc6+ 39. Kc3 Rc7 40. a4 Rd7 41. Re6+ Kc5 42. Re5+ Kc6 43. a5 Rc7 44. Re6+ Kc5 45. Re8 Rd7 46. Rc8+ Kd6 47. Kd4 1-0

[Event "SM-2015-0-00320"]
[Site "LSS email"]
[Date "2015.03.14"]
[Round "?"]
[White "Marth, Stefan"]
[Black "Steinke, Ruediger"]
[Result "1/2-1/2"]
[WhiteElo "2367"]
[BlackElo "2353"]
[PlyCount "61"]
[EventDate "2015.02.09"]
[EventType "tourn (corr)"]
[EventRounds "6"]
[EventCountry "GER"]
[SourceTitle "Corr 2022"]
[Source "ChessBase"]
[SourceDate "2021.10.24"]
[SourceVersion "1"]
[SourceVersionDate "2021.10.24"]
[SourceQuality "1"]

1. e4 e5 2. Nf3 Nc6 3. Bb5 Nf6 4. 0-0 Nxe4 5. d4 Nd6 6. Bxc6 dxc6 7. dxe5 Nf5 8. Qxd8+ Kxd8 9. Nc3 Ke8 10. h3 Be6 11. Rd1 Be7 12. Bg5 h5 13. b3 f6 14. Bf4 Rc8 15. Re1 Kf7 16. Re2 Bb4 17. Ne4 Bd5 18. a3 Be7 19. c4 Bxe4 20. Rxe4 g5 21. Bd2 Rcd8 22. Bc3 Rhe8 23. Rae1 Ng7 24. exf6 Bxf6 25. Be5 Bxe5 26. Nxe5+ Kf6 27. a4 Nf5 28. g4 hxg4 29. Nxg4+ Kf7 30. Ne5+ Kf6 31. Kg2 1/2-1/2

[Event "SM-2015-0-00320"]
[Site "LSS email"]
[Date "2015.03.14"]
[Round "?"]
[White "Simal Moreira, Leonardo"]
[Black "Marth, Stefan"]
[Result "1/2-1/2"]
[WhiteElo "2303"]
[BlackElo "2367"]
[PlyCount "46"]
[EventDate "2015.02.09"]
[EventType "tourn (corr)"]
[EventRounds "6"]
[EventCountry "GER"]
[SourceTitle "Corr 2022"]
[Source "ChessBase"]
[SourceDate "2021.10.24"]
[SourceVersion "1"]
[SourceVersionDate "2021.10.24"]
[SourceQuality "1"]

1. d4 Nf6 2. c4 e6 3. Nf3 b6 4. a3 Bb7 5. Nc3 d5 6. Bg5 Be7 7. e3 0-0 8. Rc1 Nbd7 9. cxd5 exd5 10. Be2 c5 11. dxc5 bxc5 12. 0-0 Rc8 13. Qa4 h6 14. Bh4 Bc6 15. Bb5 Nb6 16. Qa6 d4 17. Bxc6 dxc3 18. Bb7 Rb8 19. Bxf6 Bxf6 20. bxc3 Qd7 21. Be4 Qa4 22. Qxa4 Nxa4 23. Nd2 Nxc3 1/2-1/2

[Event "SM-2014-0-00306"]
[Site "LSS email"]
[Date "2014.10.01"]
[Round "?"]
[White "Marth, Stefan"]
[Black "Noskov, Vladimir"]
[Result "1/2-1/2"]
[WhiteElo "2362"]
[BlackElo "2375"]
[PlyCount "49"]
[EventDate "2014.08.26"]
[EventType "tourn (corr)"]
[EventRounds "6"]
[EventCountry "GER"]
[SourceTitle "Corr 2022"]
[Source "ChessBase"]
[SourceDate "2021.10.24"]
[SourceVersion "1"]
[SourceVersionDate "2021.10.24"]
[SourceQuality "1"]

1. e4 c5 2. Nf3 d6 3. d4 cxd4 4. Nxd4 Nf6 5. Nc3 a6 6. Bg5 e6 7. f4 Qb6 8. Qd2 Qxb2 9. Rb1 Qa3 10. f5 Nc6 11. fxe6 fxe6 12. Nxc6 bxc6 13. e5 dxe5 14. Bxf6 gxf6 15. Ne4 Be7 16. Be2 h5 17. Rb3 Qa4 18. Nxf6+ Bxf6 19. c4 Bh4+ 20. g3 Be7 21. 0-0 h4 22. Rd1 Ra7 23. Rb8 0-0 24. Rf1 Qa3 25. Rxf8+ 1/2-1/2

[Event "SM-2014-0-00306"]
[Site "LSS email"]
[Date "2014.09.30"]
[Round "?"]
[White "Marth, Stefan"]
[Black "Koch, Christian"]
[Result "1/2-1/2"]
[WhiteElo "2362"]
[BlackElo "2262"]
[PlyCount "74"]
[EventDate "2014.08.26"]
[EventType "tourn (corr)"]
[EventRounds "6"]
[EventCountry "GER"]
[SourceTitle "Corr 2022"]
[Source "ChessBase"]
[SourceDate "2021.10.24"]
[SourceVersion "1"]
[SourceVersionDate "2021.10.24"]
[SourceQuality "1"]

1. e4 c5 2. Nf3 d6 3. d4 cxd4 4. Nxd4 Nf6 5. Nc3 a6 6. Be3 e5 7. Nb3 Be6 8. f3 Be7 9. Qd2 0-0 10. 0-0-0 Nbd7 11. g4 b5 12. g5 b4 13. Ne2 Ne8 14. f4 a5 15. f5 a4 16. Nbd4 exd4 17. Nxd4 b3 18. Kb1 bxc2+ 19. Nxc2 Bb3 20. axb3 axb3 21. Na3 Ne5 22. h4 Ra4 23. Bd4 Nf3 24. Qc3 Nxd4 25. Rxd4 Rxd4 26. Qxd4 d5 27. Qxd5 Qb6 28. Bd3 Nc7 29. Qc4 Rd8 30. Nb5 Nxb5 31. Qxb5 Qd4 32. Rd1 Qxe4 33. Qxb3 Qxh4 34. g6 Qf6 35. Rc1 h5 36. Rc7 Kf8 37. Be4 h4 1/2-1/2

[Event "SM-2014-0-00293"]
[Site "LSS email"]
[Date "2014.06.20"]
[Round "?"]
[White "Kahl, Fred"]
[Black "Marth, Stefan"]
[Result "1/2-1/2"]
[WhiteElo "2168"]
[BlackElo "2236"]
[PlyCount "69"]
[EventDate "2014.05.08"]
[EventType "tourn (corr)"]
[EventRounds "6"]
[EventCountry "GER"]
[SourceTitle "Corr 2015"]
[Source "ChessBase"]
[SourceDate "2015.07.17"]
[SourceVersion "1"]
[SourceVersionDate "2015.07.17"]
[SourceQuality "1"]

1. e4 e5 2. Nf3 Nc6 3. Bc4 Nf6 4. Ng5 d5 5. exd5 Na5 6. Bb5+ c6 7. dxc6 bxc6 8. Bd3 Nd5 9. Nf3 Bd6 10. 0-0 Nf4 11. Re1 Nxd3 12. cxd3 0-0 13. Nc3 Re8 14. Ne4 c5 15. b3 Bf8 16. Ba3 Nc6 17. Rc1 Nb4 18. Bxb4 cxb4 19. Nc5 Bf5 20. Nxe5 Rc8 21. Qf3 g6 22. g4 Bxc5 23. gxf5 Rxe5 24. Rxe5 Bxf2+ 25. Kxf2 Rxc1 26. Qf4 g5 27. Qxb4 Kg7 28. Qe4 Rc2 29. Ke3 Rxa2 30. d4 Ra1 31. Kf2 Qd6 32. h4 h6 33. b4 Ra3 34. hxg5 hxg5 35. Ke2 1/2-1/2

[Event "SM-2014-0-00293"]
[Site "LSS email"]
[Date "2014.06.19"]
[Round "?"]
[White "Marth, Stefan"]
[Black "Morcin, Tom"]
[Result "1/2-1/2"]
[WhiteElo "2236"]
[BlackElo "2116"]
[PlyCount "73"]
[EventDate "2014.05.08"]
[EventType "tourn (corr)"]
[EventRounds "6"]
[EventCountry "GER"]
[SourceTitle "Corr 2015"]
[Source "ChessBase"]
[SourceDate "2015.07.17"]
[SourceVersion "1"]
[SourceVersionDate "2015.07.17"]
[SourceQuality "1"]

1. e4 e5 2. Nf3 Nc6 3. Bb5 Nf6 4. 0-0 Nxe4 5. d4 Nd6 6. Bxc6 dxc6 7. dxe5 Nf5 8. Qxd8+ Kxd8 9. Nc3 Ke8 10. h3 h5 11. Bg5 Be6 12. Rad1 Bb4 13. a3 Bxc3 14. bxc3 c5 15. Rd2 Rf8 16. Re1 Ne7 17. Red1 b6 18. Nh4 Nc6 19. f4 f6 20. exf6 gxf6 21. Bh6 Rg8 22. f5 Bc8 23. Bf4 Kf7 24. Bxc7 Ne7 25. Rf2 Bb7 26. Kh2 Rae8 27. a4 Nd5 28. Ng6 Bc6 29. Rfd2 Ne7 30. Nh4 Rg5 31. Bf4 Rgg8 32. a5 bxa5 33. Be3 Nc8 34. Bxc5 Re5 35. Bd4 Re4 36. Ng6 a4 37. Rf2 1/2-1/2

[Event "SM-2013-0-00286"]
[Site "LSS email"]
[Date "2014.03.08"]
[Round "?"]
[White "Marth, Stefan"]
[Black "Danzanvilliers, Patrice"]
[Result "1/2-1/2"]
[WhiteElo "2236"]
[BlackElo "2203"]
[PlyCount "62"]
[EventDate "2013.12.25"]
[EventType "tourn (corr)"]
[EventRounds "6"]
[EventCountry "GER"]
[SourceTitle "Corr 2015"]
[Source "ChessBase"]
[SourceDate "2015.07.17"]
[SourceVersion "1"]
[SourceVersionDate "2015.07.17"]
[SourceQuality "1"]

1. e4 e5 2. Nf3 Nf6 3. Nxe5 d6 4. Nf3 Nxe4 5. d4 d5 6. Bd3 Be7 7. 0-0 0-0 8. c4 Nf6 9. Nc3 dxc4 10. Bxc4 Nc6 11. h3 Na5 12. Bd3 Be6 13. Re1 Nc6 14. a3 Re8 15. Bb5 a6 16. Bxc6 bxc6 17. Ne5 Qd6 18. Qf3 Bd5 19. Qd3 c5 20. Bf4 c4 21. Qd2 Qd8 22. Re2 Nh5 23. Rae1 Nxf4 24. Qxf4 Bf8 25. Re3 c6 26. Nxd5 Qxd5 27. Nxc4 Rxe3 28. Nxe3 Qb5 29. Ng4 Qxb2 30. Ne5 Qb7 31. Qf3 Re8 1/2-1/2

[Event "SM-2013-0-00286"]
[Site "LSS email"]
[Date "2014.03.08"]
[Round "?"]
[White "Marth, Stefan"]
[Black "Szabo, Mihaly"]
[Result "1/2-1/2"]
[WhiteElo "2236"]
[BlackElo "2254"]
[PlyCount "45"]
[EventDate "2013.12.25"]
[EventType "tourn (corr)"]
[EventRounds "6"]
[EventCountry "GER"]
[SourceTitle "Corr 2015"]
[Source "ChessBase"]
[SourceDate "2015.07.17"]
[SourceVersion "1"]
[SourceVersionDate "2015.07.17"]
[SourceQuality "1"]

1. e4 c5 2. Nf3 e6 3. d4 cxd4 4. Nxd4 a6 5. Bd3 Bc5 6. Nb3 Bb6 7. 0-0 Ne7 8. Qe2 d6 9. Be3 Nd7 10. c4 0-0 11. Nc3 Qc7 12. Rad1 Bxe3 13. Qxe3 b6 14. Be2 Rd8 15. Rd2 Bb7 16. Rfd1 Nf6 17. f3 Rab8 18. Nd4 Rd7 19. Nc2 h5 20. Nb4 Ng6 21. b3 h4 22. Na4 Bc8 23. Bf1 1/2-1/2

[Event "SM-2013-0-00286"]
[Site "LSS email"]
[Date "2014.03.08"]
[Round "?"]
[White "Oliynyk, Valery"]
[Black "Marth, Stefan"]
[Result "1-0"]
[WhiteElo "2206"]
[BlackElo "2236"]
[PlyCount "107"]
[EventDate "2013.12.25"]
[EventType "tourn (corr)"]
[EventRounds "6"]
[EventCountry "GER"]
[SourceTitle "Corr 2015"]
[Source "ChessBase"]
[SourceDate "2015.07.17"]
[SourceVersion "1"]
[SourceVersionDate "2015.07.17"]
[SourceQuality "1"]

1. e4 c5 2. Nc3 Nc6 3. g3 g6 4. Bg2 Bg7 5. d3 d6 6. f4 e6 7. Nf3 Nge7 8. 0-0 0-0 9. Be3 Nd4 10. e5 Nef5 11. Bf2 Nxf3+ 12. Qxf3 Nd4 13. Qd1 dxe5 14. fxe5 Bxe5 15. Ne4 f5 16. Nxc5 Qc7 17. b4 f4 18. c3 Nf5 19. g4 Nd6 20. d4 Bg7 21. Rc1 Rb8 22. Re1 Nf7 23. Rc2 b6 24. Nxe6 Bxe6 25. Rxe6 Ng5 26. Rc6 Qd7 27. Bf3 Rbe8 28. d5 Re5 29. d6 Qe6 30. h4 Nxf3+ 31. Qxf3 Re3 32. Bxe3 fxe3 33. Qd1 Qe5 34. Rg2 Qe4 35. Rc7 Be5 36. Qb3+ Kh8 37. Rf7 Rd8 38. Qd1 Kg8 39. Qf3 Qb1+ 40. Qf1 Qxf1+ 41. Rxf1 Bxc3 42. a3 Rxd6 43. Rc2 Bd2 44. Rc8+ Kg7 45. Rc7+ Kg8 46. Re7 Rd4 47. Rf6 Rxg4+ 48. Kf1 Rxh4 49. Ke2 Rh2+ 50. Kd3 Rf2 51. Rc6 Rf7 52. Rc8+ Kg7 53. Rcc7 Rxe7 54. Rxe7+ 1-0

[Event "CP-2013-P-00070"]
[Site "LSS email"]
[Date "2013.09.30"]
[Round "?"]
[White "Marth, Stefan"]
[Black "Maur, Rainer"]
[Result "1/2-1/2"]
[WhiteElo "2236"]
[BlackElo "2033"]
[PlyCount "95"]
[EventDate "2013.10.01"]
[EventType "tourn (corr)"]
[EventRounds "6"]
[EventCountry "GER"]
[SourceTitle "Corr 2015"]
[Source "ChessBase"]
[SourceDate "2015.07.17"]
[SourceVersion "1"]
[SourceVersionDate "2015.07.17"]
[SourceQuality "1"]

1. d4 d5 2. c4 c6 3. Nf3 Nf6 4. Nc3 e6 5. Bg5 h6 6. Bh4 dxc4 7. e4 g5 8. Bg3 b5 9. Ne5 Nbd7 10. Nxc6 Qb6 11. d5 Bb7 12. a4 a6 13. Be2 Bxc6 14. dxc6 Qxc6 15. e5 Nd5 16. Nxd5 exd5 17. 0-0 Nc5 18. axb5 axb5 19. Rxa8+ Qxa8 20. Bf3 Bg7 21. Bxd5 Qc8 22. b3 Nxb3 23. Re1 Nc5 24. e6 fxe6 25. Bd6 Rf8 26. Qb1 Rf6 27. Qxb5+ Kf7 28. Bxc4 Nd7 29. Ra1 Kg8 30. Ra7 Nf8 31. Rb7 Qd8 32. Qa6 Qe8 33. h3 Qh5 34. Be2 Qg6 35. Bd3 Qh5 36. Bc2 g4 37. hxg4 Qg5 38. Qa7 Qc1+ 39. Kh2 Qg5 40. g3 Qxg4 41. Kh1 h5 42. Be5 Qf3+ 43. Kg1 Rf7 44. Rxf7 Qxf7 45. Qd4 Bxe5 46. Qxe5 Qf3 47. Qd4 Kf7 48. Qa7+ 1/2-1/2

[Event "CP-2013-P-00070"]
[Site "LSS email"]
[Date "2013.09.30"]
[Round "?"]
[White "Stepanov, Valery Anatolievich"]
[Black "Marth, Stefan"]
[Result "1/2-1/2"]
[WhiteElo "1776"]
[BlackElo "2236"]
[PlyCount "37"]
[EventDate "2013.10.01"]
[EventType "tourn (corr)"]
[EventRounds "6"]
[EventCountry "GER"]
[SourceTitle "Corr 2015"]
[Source "ChessBase"]
[SourceDate "2015.07.17"]
[SourceVersion "1"]
[SourceVersionDate "2015.07.17"]
[SourceQuality "1"]

1. e4 e5 2. Nf3 Nc6 3. Bb5 a6 4. Ba4 Nf6 5. 0-0 Be7 6. Re1 b5 7. Bb3 0-0 8. d3 d6 9. a3 Be6 10. Bxe6 fxe6 11. c3 d5 12. Nbd2 Bc5 13. Nb3 Bb6 14. Be3 Bxe3 15. Rxe3 Qd6 16. Qc2 Rad8 17. Rae1 d4 18. cxd4 exd4 19. R3e2 1/2-1/2

[Event "ZH-2013-0-01007"]
[Site "LSS email"]
[Date "2013.02.20"]
[Round "?"]
[White "Marth, Stefan"]
[Black "Haug, Ulrich"]
[Result "1/2-1/2"]
[WhiteElo "2257"]
[BlackElo "2413"]
[PlyCount "92"]
[EventDate "2013.02.12"]
[EventType "match (corr)"]
[EventRounds "2"]
[EventCountry "GER"]
[SourceTitle "Telechess CBM 161"]
[Source "ChessBase"]
[SourceDate "2014.07.16"]
[SourceVersion "1"]
[SourceVersionDate "2014.07.16"]
[SourceQuality "1"]

1. e4 e6 2. d4 d5 3. e5 c5 4. c3 Nc6 5. Nf3 Qb6 6. Be2 cxd4 7. cxd4 Nge7 8. Nc3 Nf5 9. Na4 Bb4+ 10. Kf1 Qd8 11. a3 Be7 12. g3 0-0 13. Rg1 h6 14. b4 f6 15. b5 Na5 16. g4 Nxd4 17. Nxd4 fxe5 18. g5 hxg5 19. Nb3 a6 20. bxa6 b5 21. Bxb5 Rb8 22. Nxa5 Qxa5 23. Be2 Bd7 24. Nb2 Bc5 25. Rg2 e4 26. Qe1 Bxf2 27. Qxa5 Bb6+ 28. Ke1 Bxa5+ 29. Kd1 d4 30. Rxg5 Bc3 31. Ra2 d3 32. Bxd3 exd3 33. Nxd3 Bf6 34. Ra5 Bc6 35. Rf2 Rfd8 36. a7 Rb5 37. Rxb5 Bxb5 38. Rf3 Ra8 39. Bb2 Rxa7 40. Bxf6 Rxa3 41. Bxg7 Kxg7 42. Kd2 Bxd3 43. Rxd3 Ra2+ 44. Ke3 Rxh2 45. Rd7+ Kf6 46. Rd6 Rh4 1/2-1/2

[Event "GER-ch41 V09 serv"]
[Site "GER email"]
[Date "2009.05.04"]
[Round "?"]
[White "Mehlhorn, Uwe"]
[Black "Marth, Stefan"]
[Result "1/2-1/2"]
[WhiteElo "2281"]
[BlackElo "2001"]
[PlyCount "51"]
[EventDate "2009.05.11"]
[EventType "tourn (corr)"]
[EventRounds "10"]
[EventCountry "GER"]
[SourceTitle "Corr 2013"]
[Source "ChessBase"]
[SourceDate "2012.11.12"]
[SourceVersion "1"]
[SourceVersionDate "2012.11.12"]
[SourceQuality "1"]

1. Nf3 d5 2. d4 Nf6 3. c4 e6 4. Nc3 c6 5. e3 Nbd7 6. Bd3 dxc4 7. Bxc4 b5 8. Bd3 a6 9. e4 c5 10. d5 c4 11. dxe6 fxe6 12. Bc2 Qc7 13. 0-0 Bb7 14. Nd4 Nc5 15. Be3 e5 16. Nf3 Be7 17. Ng5 0-0 18. Bxc5 Bxc5 19. Ne6 Qb6 20. Nxf8 Rxf8 21. Qe2 Qe6 22. a4 b4 23. Nd5 Nxd5 24. Qxc4 Nf4 25. Qxc5 Qg4 26. Bb3+ 1/2-1/2

[Event "GER-ch41 V09 serv"]
[Site "GER email"]
[Date "2009.05.04"]
[Round "?"]
[White "Nuechter, Christian"]
[Black "Marth, Stefan"]
[Result "0-1"]
[WhiteElo "2047"]
[BlackElo "2001"]
[PlyCount "34"]
[EventDate "2009.05.11"]
[EventType "tourn (corr)"]
[EventRounds "10"]
[EventCountry "GER"]
[SourceTitle "Corr 2013"]
[Source "ChessBase"]
[SourceDate "2012.11.12"]
[SourceVersion "1"]
[SourceVersionDate "2012.11.12"]
[SourceQuality "1"]

1. c4 Nf6 2. b4 e6 3. a3 c5 4. bxc5 Bxc5 5. d4 Bb6 6. e3 d6 7. Bb2 0-0 8. Bd3 e5 9. Ne2 Nc6 10. 0-0 Bg4 11. d5 Nb8 12. h3 Bh5 13. Nd2 Na6 14. Rb1 Nc5 15. Bf5 Ba5 16. f3 Bb6 17. Kh1 Bg6 0-1